000 00786nam a2200277Ia 4500
003 OSt
005 20221006153244.0
006 a|||||r|||| 00| 0
007 ta
008 221006b |||||||| |||| 00| 0 kor d
020 _cW 15,000
024 _a31,780
037 _bGift, Korean Embassy
_cTextual
040 _aEASL
_cEASL
_bkor
041 _2kor
_akor
082 _aV495:5.M70, P4
100 _aPYO Yeong-Sam Au.
_9663145
245 0 _aDong hak
_b Soo Un-ui samkwa saengak
260 _aSeoul
_bThong Namu Korea
_c2004
300 _a397p.
_ccm.
490 _v KL
650 _a KL
650 _aKorean studies-revolution of farmar
_9663146
942 _hV495:5.M70, P4
_cTEXL
_2CC
999 _c1099866
_d1099866